000 00377nam a2200157 4500
003 OSt
005 20241019175722.0
007 ta
008 241019b |||a|||| |||| 00| 1 fre d
020 _a9782408006563
040 _cautismepaimpol.fr
100 _qPascale HEDELIN(Auteur), Chiaki MIYANTO (Illustrations)
245 _aLes émotions
260 _bMilan
942 _c843.0692
999 _c131
_d131